000 00704nam a2200241 a 4500
001 BRCA_3619
005 20190320204345.0
008 240809s1962----nyua---###---#000-0#eng-#
041 _aeng
044 _anyu
050 4 _aN2280
_b.M46 1962
100 1 _aMenz, Henner
_99304
245 1 0 _aThe Dresden Gallery
_cHenner Menz ; tr. from the German by Daphne Woodward.
260 _aNew York
_bHarry N. Abrams
_c1962
300 _a320 p.
_bil. (algunas a color)
_c22 cm.
500 _aB291
610 2 4 _aGemalde-Galerie (Dresden)
_99386
650 1 4 _aPinturas
_xDresden
_99306
650 1 4 _aGalerĂ­as y museos
_zAlemania
_95059
700 1 _aWoodward, Daphne
_etr
_99387
902 _aGFM
942 _2lcc
_cB
999 _c3354
_d3354